Ethnic groups in Syria - Statistics

General Stats
  • This quiz has been taken 154 times
  • The average score is 7 of 19
Answer Stats
Family Population Ethnicity % Correct
Afroasiatic (Semitic) 14.6 million Arab
98%
Indo-European (Iranic) 4 million Kurd
96%
Indo-European (Armenian) 25 k Armenian
75%
Afroasiatic (Semitic) 100 k Assyrian
72%
Altaic (Turkic) 3.5 million Turkmen
63%
Indo-European (Hellenic) 7 k Greek
60%
Indo-European (Albanian) 15 k Albanian
50%
Caucasian (Vainakh) 35 k Chechen
44%
Indo-European (Indo-Aryan) 350 k Roma
27%
Caucasian (Northwest) 140 k Adyghe
19%
Indo-European (Slavic) 5 k Bosniak
15%
Afroasiatic (Semitic) 155 k Lebanese
15%
Indo-European (Iranic) 58 k Ossetian
14%
Afroasiatic (Semitic) 200 k Aramean
13%
Altaic (Turkic) 44 k Uyghur
11%
Caucasian (Northwest) 120 k Kabardian
10%
Afroasiatic (Semitic)Nilo-Saharan (Eastern Sudanic) 50 k Afro-Syrian
5%
Afroasiatic (Semitic) 1 k Mandaean
5%
Indo-European (Iranic)Altaic (Turkic) 14 k Hazara
2%
No matching quizzes found
Score Distribution
Percent of People with Each Score
Percentile by Number Answered
Your Score History
You have not taken this quiz